Fundamentals of dialectics (Record no. 677969)

MARC details
000 -LEADER
fixed length control field 00636nam a2200217Ia 4500
003 - CONTROL NUMBER IDENTIFIER
control field OSt
005 - DATE AND TIME OF LATEST TRANSACTION
control field 20250926103958.0
008 - FIXED-LENGTH DATA ELEMENTS--GENERAL INFORMATION
fixed length control field 220923b |||||||| |||| 00| 0 eng d
037 ## - SOURCE OF ACQUISITION
Terms of availability Reference
040 ## - CATALOGING SOURCE
Original cataloging agency RTL
Transcribing agency RTL
Language of cataloging eng
041 ## - LANGUAGE CODE
Source of code eng
Language code of text/sound track or separate title eng
084 ## - COLON CLASSIFICATION NUMBER
Classification number R13, M1/SC
Assigning agency RTL
100 ## - MAIN ENTRY--PERSONAL NAME
Personal name Kharin, Yu.A.
9 (RLIN) 350368
245 #0 - TITLE STATEMENT
Title Fundamentals of dialectics
260 ## - PUBLICATION, DISTRIBUTION, ETC.
Date of publication, distribution, etc. 1981
300 ## - PHYSICAL DESCRIPTION
Extent 256 p.
Dimensions cm.
Other physical details Includes bibliographical references and index.
700 ## - ADDED ENTRY--PERSONAL NAME
Personal name Kostrov K
9 (RLIN) 350369
Dates associated with a name Translator.
700 ## - ADDED ENTRY--PERSONAL NAME
Personal name Wason Armorer Ed.
9 (RLIN) 350370
Relator term Editor.
942 ## - ADDED ENTRY ELEMENTS (KOHA)
Classification part R13, M1/SC
Koha item type Reference
Source of classification or shelving scheme Colon Classification (CC)
Suppress in OPAC No
Holdings
Withdrawn status Lost status Source of classification or shelving scheme Damaged status Not for loan Home library Current library Date acquired Total Checkouts Full call number Barcode Date last seen Price effective from Koha item type
    Colon Classification (CC)     Ratan Tata Library Ratan Tata Library 2022-09-26   R13 M1/SC RT1414039 2022-09-26 2022-09-26 Reference
Copyright @ Delhi University Library System